| 000 | 01648nam a2200517 i 4500 | ||
|---|---|---|---|
| 001 | 16550 | ||
| 003 | KOSZ 005 | ||
| 005 | 20191025161625.0 | ||
| 008 | 040812s1975 pl a f |000 0 pol | ||
| 015 | _aPB 1975/10365 | ||
| 035 | _a991024550289705066 | ||
| 035 | _a(PL-WaBN)b16697029-48omnis_nlop | ||
| 035 | _ab16697029 | ||
| 035 | _a(OCoLC)749491620 | ||
| 035 | _a(PL)b0000001669702 | ||
| 035 | _a(EXLNZ-48OMNIS_NETWORK)9910359386505606 | ||
| 040 |
_aWA N _cWA N _dKOSZ 005/EG |
||
| 041 | _apol | ||
| 046 | _k1969 | ||
| 080 | _a62-5 | ||
| 080 | _a681.5 | ||
| 100 | 1 |
_aChorowski, Bohdan _d(1926-2012) _eAutor |
|
| 245 | 1 | 0 |
_aMechaniczne urządzenia automatyki / _cBohdan Chorowski, Mirosław Werszko. |
| 250 | _aWyd. 3 zm. | ||
| 260 |
_aWarszawa : _bWydawnictwa Naukowo-Techniczne, _c1975. |
||
| 300 |
_a382, [2] s. : _bil., tab., wykr. ; _c25 cm. |
||
| 336 |
_2rdacontent _aTekst _btxt |
||
| 337 |
_2rdamedia _aBez urządzenia pośredniczącego _bn |
||
| 338 |
_2rdacarrier _aWolumin _bnc |
||
| 380 | _aKsiążki | ||
| 380 | _aPublikacje fachowe | ||
| 388 | _a1901-2000 | ||
| 388 | _a1945-1989 | ||
| 504 | _aBibliogr. | ||
| 650 | 7 |
_aAerodynamika _2DBN |
|
| 650 | 7 | _aUrządzenia | |
| 650 | 7 | _aAutomatyzacja | |
| 650 | 7 |
_aAutomatyka _2DBN |
|
| 650 | 7 |
_aHydraulika _2DBN |
|
| 658 | _aInżynieria i technika | ||
| 700 | 1 |
_aWerszko, Mirosław _eAutor |
|
| 710 | 2 |
_aWydawnictwa Naukowo-Techniczne _4pbl |
|
| 856 |
_uhttp://koha.tu.koszalin.pl/cgi-bin/koha/opac-detail.pl?biblionumber=16550 _yKatalog online BPK |
||
| 942 |
_2UKD _cKS |
||
| 999 |
_c16550 _d16550 |
||